000 00267nam a22001217a 4500
008 170225b xxu||||| |||| 00| 0 eng d
041 _aeng
080 _a617
100 _a5
101 _aSHK
245 _aSURGERY OF HEAD AND NECK TUMORS
_cMARTIN, H
942 _2udc
_cBK
999 _c6244
_d6244